00799nam a2200241Ia 4500003000400000005001700004008004100021020002200062040000700084041000800091082002000099100003400119245006700153260004000220300001400260365001300274650002000287650002400307906006000331942001200391999001900403952013500422OSt20230523101633.0210423s2012 xx 000 0 und d a978-81-7371-767-3 cAL aeng a513.12 SHIR223 aSHIRALI (Shailesh A).9110496 aArithmetic and algebra: numbers and the beginnings of algebra. aNew DelhibUniversities Pressc2012 ax,348bPB b395cINR aAlgebra9110497 aMathematics9110498 aalgebra. ; algebra: ; Arithmetic ; beginnings ; numbers 2ddccBK c165270d165270 001040708MATaSACPGbSACPGd2014-01-09eIntact Bookhouseg395.00l0o513.12 SHIRpPG011768r2022-08-24 00:00:00w2021-04-26yBK